Can you name all Ariana Grande songs? - Statistics

General Stats
  • This quiz has been taken 56 times
    26 since last reset
  • The average score is 40 of 99
Answer Stats
Album Name ⬇ Enter Answers Here ⬇ % Correct
The way
93%
Yours Truly Honeymoon Avenue
80%
Intro
80%
Baby I
73%
Almost is never enough
60%
Break free
60%
Daydreamin'
60%
Piano
60%
Popular song
60%
Problem
60%
Right there
60%
sweetener
60%
Tattooed heart
60%
You'll never know
60%
34+35
53%
7 rings
53%
Bang bang
53%
Dangerous Woman
53%
God is a woman
53%
Just a little bit of your heart
53%
Lovin' it
53%
Moonlight
53%
My everything
53%
no tears left to cry
53%
positions
53%
Side to side
53%
thank u, next
53%
the boy is mine
53%
Why try
53%
bad idea
47%
Better left unsaid
47%
blazed
47%
Everyday
47%
fake smile
47%
get well soon
47%
intro (end of the world)
47%
Love me harder
47%
One last time
47%
pov
47%
successful
47%
Be alright
40%
better off
40%
borderline
40%
Break your heart right back
40%
bye
40%
everytime
40%
ghostin
40%
goodnight n go
40%
imagine
40%
in my head
40%
Into you
40%
Knew better /Forever Boy
40%
make up
40%
NASA
40%
needy
40%
R.E.M
40%
bloodline
33%
break up with your girlfriend, im bored
33%
breathin
33%
eternal sunshine
33%
Greedy
33%
I don't care
33%
Let me love you
33%
motive
33%
pete davidson
33%
safety net
33%
Sometimes
33%
supernatural
33%
test drive
33%
Thinking Bout you
33%
Touch it
33%
yes, and?
33%
Bad decisions
27%
Be my baby
27%
dont wanna break up again
27%
Hands on me
27%
i wish i hated you
27%
just like magic
27%
Leave me lonely
27%
off the table
27%
ordinary things
27%
raindrops (an angel cried)
27%
shut up
27%
someone like you
27%
the light is coming
27%
we cant be friends (wait for your love)
27%
worst behaviour
27%
imperfect for you
20%
love language
20%
main thing
20%
my hair
20%
nasty
20%
obvious
20%
six thirty
20%
true story
20%
west side
20%
34+35 (remix)
13%
saturn returns interlude
13%
Big mistake
0%
No matching quizzes found
Score Distribution
Percent of People with Each Score
Percentile by Number Answered
Your Score History
You have not taken this quiz since the last reset